| 000 | 00539 a2200169 4500 | ||
|---|---|---|---|
| 020 | _a0071151605 (paperback) | ||
| 020 | _a9780071151603 (paperback) | ||
| 090 |
_c4834 _d4834 |
||
| 100 | 1 | _aCooper. | |
| 245 | 1 | 0 |
_aBusiness research methods / _cCooper, Cooper: Schindler. |
| 260 |
_a[S.l.] : _bMcGraw-Hill Education (ISE Editions), |
||
| 300 | _a640 p. | ||
| 500 | _aImport. | ||
| 700 | 1 | _aSchindler, Cooper: | |
| 856 | 4 | 0 |
_3Amazon.com _uhttp://www.amazon.com/exec/obidos/ASIN/0071151605/chopaconline-20 |
| 942 |
_aNBS _cBK _k658.0072 COO |
||
| 999 |
_c347265 _d347265 |
||